|
|
|
|
| LEADER |
00000nab a2200000 i 4500 |
| 001 |
publ1117 |
| 005 |
20190201090259.0 |
| 008 |
190129s2018 hu o 000 zxx d |
| 022 |
|
|
|a 0324-4202
|
| 040 |
|
|
|a BGE Publikációtár Repozitórium
|b hun
|
| 100 |
1 |
|
|a Losoncz Miklós
|
| 245 |
1 |
2 |
|a A bérfelzárkóztatás néhány európai uniós és közgazdasági szempontja
|c Losoncz Miklós
|h [elektronikus dokumentum]
|
| 260 |
|
|
|a KOPINT Konjuktúra Kutatási Alapítvány
|c 2018-09
|
| 300 |
|
|
|a 54-60
|
| 490 |
0 |
|
|a Külgazdaság
|v 62 No. 9-10
|
| 520 |
3 |
|
|a A bérfelzárkózás mint cél közgazdasági szempontból nincs alátámasztva, és az európai uniós szabályozásban sem szerepel. Önmagában a bérfelzárkózás a gazdasági folyamatoknak és a racionális gazdaságpolitikának nem a célja, hanem legfeljebb a reálkonvergencia eredményeként annak a következménye lehet.
|
| 650 |
|
4 |
|a közgazdaságtudományok
|
| 695 |
|
|
|a bérfelzárkózás
|
| 695 |
|
|
|a bérkonvergencia
|
| 856 |
4 |
0 |
|u https://publikaciotar.uni-bge.hu/id/eprint/1117/1/Losoncz_Kulgazdasag_2018_9_10_szam.pdf
|z Dokumentum-elérés
|